Cría industrial de conejos para carne : nuevos conceptos y actualización /

Guardado en:
Autor Principal: Mayolas, Emilio de
Formato: Libro
Publicado: Buenos Aires : Hemisferio Sur, 1975
Edición:2a. ed.
Materias:
Etiquetas: Agregar Etiqueta
Sin Etiquetas, Sea el primero en etiquetar este registro!
LEADER 00943nam a22002175a 4500
001 CEM.cems017961
005 20130307120021.0
008 130507s1975##################000#0#####d
003 CEMS
082 0 4 |a 636.9 
100 1 |a Mayolas, Emilio de 
245 1 0 |a Cría industrial de conejos para carne :  |b nuevos conceptos y actualización /  |c Emilio de Mayolas 
250 |a 2a. ed. 
260 |a Buenos Aires :  |b Hemisferio Sur,  |c 1975 
300 |a 96 p. 
505 0 |a Origen del conejo -- Estado de la cunicultura en Argentina -- Datos básicos de orientación para el novel cunicultor -- Metas de explotación -- Reproducción y crianza -- Organización técnica -- Alojamientos -- Faenamiento y preparación del producto -- Cálculos económicos de orientación 
653 |a Conejos 
653 |a Cunicultura 
653 |a Conejos-producción 
653 |a Conejos-reproducción 
859 |a CEMS  |b BIB. CEMS - Agricultura  |h 636.9  |i M454a2  |p A1801.13  |t Ej.1  |v I  |3 I